000 00589nam a2200157 a 4500
001 000030385
005 20240304103305.0
008 110516s2002 dr 000 0 spa d
040 _aDO-SdBNP
_bspa
_cBNPHU
082 _axxx
_bR426p
110 1 _aRepública Dominicana.
_b Secretaría de Estado de Medio Ambiente y Recursos Naturales
_914503
245 1 0 _aProcedimiento para la tramitación del permiso ambiental de instalaciones existentes.
260 _aSanto Domingo :
_bSecretaría de Estado de Medio Ambiente y Recursos Naturales,
_c2002.
300 _a18 p. ;
_c22 cm.
049 _aBNPD
999 _c29877
_d29877